| 000 | 00915nam a2200241 i 4500 | ||
|---|---|---|---|
| 001 | 58177 | ||
| 003 | ES-MaACL | ||
| 005 | 20231228062649.0 | ||
| 007 | t| | ||
| 008 | 031021s1949 sp ||||1| spa d | ||
| 080 | _a616.1-008.6 | ||
| 245 | 0 | 0 |
_aSíndromes circulatorios de urgencia / _cpublicado bajo la dirección del Dr. Antonio Duque ; con la colaboración de los doctores Calandre Díaz, Calderón Montero, Crespo Álvarez, García Ortiz, Marañón ; prólogo por el Dr. Gregorio Marañón. |
| 260 |
_aMadrid : _bEspasa-Calpe, _c1949. |
||
| 300 |
_aXII, 248 p. : _bil. ; _c24 cm. |
||
| 650 | 4 |
_aCardiología. _910775 |
|
| 700 | 1 |
_aDuque, Antonio. _946144 |
|
| 700 | 1 |
_aCalandre Díaz, Luis. _9174367 |
|
| 700 | 1 |
_aCalderón Montero, José. _933623 |
|
| 700 | 1 |
_aGarcía Ortiz, Enrique. _955065 |
|
| 700 | 1 |
_aMarañón, Gregorio, _d1887-1960 _976311 |
|
| 852 | 4 |
_aES-MaACL _jD-7200 |
|
| 999 |
_c58177 _d58177 |
||